|
|
|
|
| LEADER |
00890nam a2200217 i 4500 |
| 001 |
acta68866 |
| 005 |
20230509150411.0 |
| 008 |
200417s2017 hu o 0|| hun d |
| 020 |
|
|
|a 978-963-306-550-1
|
| 022 |
|
|
|a 2064-4825, 1218-7003, 1218-0009
|
| 040 |
|
|
|a SZTE Egyetemi Kiadványok Repozitórium
|b hun
|
| 041 |
|
|
|a hun
|
| 100 |
1 |
|
|a Csák Ernő
|
| 245 |
1 |
2 |
|a A csépai ág. hitv. evangelikus egyház története
|h [elektronikus dokumentum] :
|b hogyan lett "Egyesült Protestáns" egyház, és hogyan lett evangelikus missziói egyház /
|c Csák Ernő
|
| 260 |
|
|
|c 2017
|
| 300 |
|
|
|a 182 p.
|c 22 cm
|
| 490 |
0 |
|
|a A vallási kultúrakutatás könyvei
|
| 650 |
|
4 |
|a Bölcsészettudományok
|
| 650 |
|
4 |
|a Filozófia, etika és vallástudományok
|
| 695 |
|
|
|a Egyházközség - evangélikus, Csépa
|
| 856 |
4 |
0 |
|u http://acta.bibl.u-szeged.hu/68866/1/vallasi_kulturakutatas_032.pdf
|z Dokumentum-elérés
|